00709nam a2200241 a 4500001001300000003000900013005001700022008004100039020002300080082001500103100001600118245003900134260003300173300000900206500003500215505001800250650002300268700001600291902000800307942000700315952012800322999001700450nice12345678IN_TiNIC20260116014332.0080915s2009 dela grp 000 0 eng  a9788178844411c90000a297.1bALI aAli, Masood aMajor Development in Islamic World aDelhi bCyber Techpub c2009 a296p aincludes index and biblioraphy2 abiblio, index aIslam-20th Century1 aAli, Masood bSRS cBK 001040708StackRoom-aHMIbHMId2008-09-15g900.00l1o297.1 ALIp022536r2017-11-27s2017-11-24v900.00w2008-09-15yBK c14868d14868